000 00672nam a2200277Ia 4500
005 20260324122913.0
008 008 260324s9999 xx 000 0 eng d
020 _a9780429132704
037 _aEBOOK
040 _aCRL
040 _beng
040 _cCRL
041 _2eng
041 _aeng
084 _qCRL
100 _aHoward I. Maibach; S Narasimha Murthy
_91168272
245 0 _aTopical Nail Products and Ungual Drug Delivery
260 _bTaylor and Francis
260 _c2012
365 _a
365 _b385
856 _uhttp://www.taylorfrancis.com/books/9780429132704
942 _cEBOOK
999 _c1761343
_d1761343